000 00399nam a2200169Ia 4500
008 230524s9999 xx 000 0 und d
020 _a817656706X
082 _a4.162
_bKAN
100 _aYashavant Kanetkar
245 0 _aData Structures Through C
250 _a1ST
260 _aNEW DELHI
_bBPB
_c2003
300 _aXIII;616
500 _aQuantity Number: 30
650 _aComp-Sc
942 _cBK
999 _c6975
_d6975